|
|
|
|
| LEADER |
00000nab a2200000 a 4500 |
| 001 |
vtls001495725 |
| 003 |
SK-MaSNL |
| 005 |
20260426090541.0 |
| 008 |
050218c2002 xo g 0 slo |
| 015 |
|
|
|a SNBCL2005/2
|
| 040 |
|
|
|a SLKCL
|b slo
|c SNKBUCL
|e AACR2
|
| 041 |
|
|
|a slo
|h eng
|
| 044 |
|
|
|a xo
|c SK
|
| 080 |
|
|
|a 362.13:616-036.887:93/99(437.6)
|2 1981
|
| 100 |
1 |
|
|a Bošmanský, Karol,
|d 1927-2016
|4 aut
|9 119482
|
| 245 |
1 |
0 |
|a Hospic a jeho poslanie
|b zomierať obklopený láskou ...
|c K. Bošmanský
|
| 246 |
1 |
0 |
|a Hospice and its mission
|
| 246 |
1 |
1 |
|a Hospice and its mission
|
| 504 |
|
|
|a Res. angl.
|
| 650 |
0 |
7 |
|a hospice
|2 MESH
|9 19856
|
| 650 |
0 |
7 |
|a paliatívna starostlivosť
|2 MESH
|9 2558
|
| 650 |
0 |
7 |
|a hospicová starostlivosť
|2 MESH
|9 28603
|
| 650 |
0 |
7 |
|a spolky dobročinné
|2 MESH
|9 888435
|
| 651 |
|
7 |
|a Slovensko
|2 MESH
|9 14231
|
| 773 |
0 |
|
|w SERIAL_GENERAL*000217*2002*002*001
|t Informačný bulletin
|g Roč. 11, č. 1-2 (2002), s. 4-5
|
| 850 |
|
|
|a Slovenská lekárska knižnica v Bratislave
|a BA006
|
| 852 |
|
|
|a BA006
|b KIS3GCP
|b 000500000
|
| 999 |
|
|
|c 2995154
|d 2997084
|